header

Research topics in agricultural and applied economics. (Record no. 114457)

MARC details
000 -LEADER
fixed length control field 01143nam a2200277Ia 4500
245 00 - TITLE STATEMENT
Title Research topics in agricultural and applied economics.
260 ## - PUBLICATION, DISTRIBUTION, ETC. (IMPRINT)
Place of publication Hilversum, The Netherlands :
Name of publisher Bentham Science Publishers,
Year of publication 2011.
300 ## - PHYSICAL DESCRIPTION
Number of Pages v, 169 p.
650 #0 - SUBJECT ADDED ENTRY--TOPICAL TERM
Topical Term Agriculture
Topical Term Agriculture
700 1# - ADDED ENTRY--PERSONAL NAME
Personal name Rezitis, Anthony N.
856 40 - ELECTRONIC LOCATION AND ACCESS
Uniform Resource Identifier http://site.ebrary.com/lib/rucke/Doc?id=10504682

No items available.

© 2026 Rongo University
Contact us: librarian | system librarian | Rongo university